| 000 | 00772 a2200229 4500 | ||
|---|---|---|---|
| 003 | OSt | ||
| 005 | 20180116192347.0 | ||
| 008 | 120530t xxu||||| |||| 00| 0 eng d | ||
| 010 | _a 2009494567 | ||
| 020 | _a9783899552478 | ||
| 040 | _c0 | ||
| 082 | 0 | 4 | _a741.6 |
| 245 | 0 | 0 |
_aNaïve : _bmodernism and folklore in contemporary graphic design / _c[edited by Robert Klanten & Hendrik Hellige]. |
| 260 |
_aBerlin : _bGestalten, _c2009. |
||
| 300 |
_a175 p. : _bcol. ill. ; _c28 cm. |
||
| 650 | 1 | 0 |
_aGraphic arts _xHistory _y21st century _92619 |
| 650 | 1 | 0 |
_aArt, Modern _y21st century _92620 |
| 700 | 1 |
_aKlanten, Robert. _92621 |
|
| 700 | 1 |
_aHellige, Hendrik. _92622 |
|
| 942 |
_aSADA _cBK _k741.6 NAI 2009 _2ddc |
||
| 999 |
_c352812 _d352812 |
||